00684 a2200181 450000500170000000800410001702000180005804000550007604100080013110000190013924501090015826000430026730000220031050400530033265000370038565000410042265100390046320140903174954.0131121s2013 xxu frn 001 0 eng d a9780801451638 aCo-BoUCMbspacRoberto BurgosdAldemar Mondragón00aeng1 aJerven, Morten10aPoor numbers how we are misled by african development statistics and what to do about itcMorten Jerven bCornell University PressaIthacac2013 axx, 187 páginas aIncluye referencias bibliográficas e índices 7aDesarrollo económicozÁfrica 7aDistribución del ingresozÁfrica 4aÁfricaxCondiciones económicas